Globalization: sources and effects on national states and societies /
La política y el sistema cultural mundial, aunque no muy estructuradamente, legitiman identidades nacionales fuertes como actores dominantes. Esto produce tendencias muy significativas para la adopción de modelos comunes de modernidad, a pesar de las extraordinarias diferencias en los recursos y en...
Guardado en:
| Hovedforfatter: | |
|---|---|
| Format: | Texto |
| Fag: | |
| Tags: |
Tilføj Tag
Ingen Tags, Vær først til at tagge denne postø!
|
MARC
| LEADER | 00000 a a2200000 04500 | ||
|---|---|---|---|
| 001 | 8787 | ||
| 003 | |||
| 040 | |||
| 100 | |a Meyer, John W. | ||
| 245 | |a Globalization: |b sources and effects on national states and societies / |c John W. Meyer | ||
| 520 | |a La política y el sistema cultural mundial, aunque no muy estructuradamente, legitiman identidades nacionales fuertes como actores dominantes. Esto produce tendencias muy significativas para la adopción de modelos comunes de modernidad, a pesar de las extraordinarias diferencias en los recursos y en la cultura local. La especificidad local es también legitimada, en la medida que no sea inconsistente con la homogeneidad en las dimensiones más importantes de estratificación e indentidad. REV//ALJ | ||
| 650 | |a IDENTIDAD CULTURAL | ||
| 650 | |a MODELOS | ||
| 650 | |a LEGITIMIDAD DEL ESTADO | ||
| 650 | |a CULTURA | ||
| 773 | |g volumen 15, número 2; páginas 233-248 | ||
| 999 | |c 30560 |d 30560 | ||
